[Event "22nd World Seniors Open"]
[Site "Kamena Vourla GRE"]
[Date "2012.11.13"]
[Round "1.30"]
[White "Hohler,P"]
[Black "Sevenyuk,A"]
[Result "1-0"]
[WhiteElo "2218"]
[BlackElo "1921"]

1.Nf3 c5 2.c4 Nf6 3.Nc3 g6 4.d4 cxd4 5.Nxd4 Bg7 6.e4 d6 7.Be2 O-O 8.Be3 Nc6
9.h3 Bd7 10.O-O Nxd4 11.Bxd4 Bc6 12.Qd3 Ne8 13.Rad1 Bxd4 14.Qxd4 Qa5 15.a3 b6
16.Qd2 Qe5 17.f4 Qg7 18.Qe3 f5 19.exf5 gxf5 20.Bf3 Bxf3 21.Rxf3 Kh8 22.Rg3 Qf7
23.Nd5 e5 24.fxe5 f4 25.e6 fxe3 26.exf7 Rxf7 27.Rxe3 Rd8 28.Rde1 Nc7 29.Re7 Rd7
30.Rxd7 Rxd7 31.Rd1 Nxd5 32.Rxd5 Kg7 33.Kf2 Kf6 34.Ke3 Ke6 35.Rh5 Rf7 36.b4 Rc7
37.Kd4 Rf7 38.g3 Rf3 39.Rh6+ Kf5 40.g4+ Kg5 41.Rxh7 Rxa3 42.b5 Ra1 43.Kd5 Rd1+
44.Kc6 Rd3 45.Rxa7 Rxh3 46.Kxb6 Kxg4 47.Kc6 Rh6 48.Rf7 Kg5 49.Rd7 Rh4 50.Kd5 Kf6
51.b6 Rh1 52.b7 Rb1 53.Kxd6  1-0

[Event "WY BU14 2012"]
[Site "Maribor SLO"]
[Date "2012.11.14"]
[Round "7.12"]
[White "Markoja,B"]
[Black "Tari,A"]
[Result "1/2-1/2"]
[WhiteElo "2090"]
[BlackElo "2295"]

1.c4 c5 2.Nf3 Nf6 3.Nc3 g6 4.d4 cxd4 5.Nxd4 Bg7 6.g3 O-O 7.Bg2 Nc6 8.O-O Ng4
9.e3 d6 10.b3 Nxd4 11.exd4 Nh6 12.Bxh6 Bxh6 13.Qe2 Bg7 14.Rfd1 e6 15.Rac1 Rb8
16.b4 b6 17.a4 Qd7 18.b5 Bb7 19.c5 Bxg2 20.Kxg2 bxc5 21.dxc5 d5 22.c6 Qc7
23.Na2 Qa5 24.Qg4 d4 25.Rxd4 Bxd4 26.Qxd4 Rbc8 27.Qb4 Qc7 28.Nc3 Rfd8 29.Ne4 Qe5
30.Rc5 Qa1 31.Qc3 Qxc3 32.Nxc3 Rd4  1/2-1/2

[Event "WY BU16 2012"]
[Site "Maribor SLO"]
[Date "2012.11.15"]
[Round "8.18"]
[White "Neef,M"]
[Black "Beukema,S"]
[Result "1-0"]
[WhiteElo "2132"]
[BlackElo "2274"]

1.Nf3 Nf6 2.c4 c5 3.Nc3 b6 4.g3 Bb7 5.Bg2 e6 6.O-O Be7 7.d4 cxd4 8.Qxd4 d6
9.Bg5 h6 10.Bxf6 Bxf6 11.Qf4 O-O 12.Rfd1 Bxc3 13.bxc3 Na6 14.Rxd6 Qe7 15.Rad1 Bxf3
16.Bxf3 Rad8 17.Qd4 Rxd6 18.Qxd6 Qxd6 19.Rxd6 Nc5 20.Rc6 Rd8 21.Rc7 a5 22.Rc6 Na4
23.a3 Rd1+ 24.Kg2 Rc1 25.Rc8+ Kh7 26.Bc6 Nxc3 27.Rb8 Ra1 28.Rxb6 Rxa3 29.Be8 a4
30.Bxf7 Rb3 31.Ra6 a3 32.Bxe6 Nxe2 33.c5 Rc3 34.Ra4 Kg6 35.Bd5 Kf6 36.c6 Ke5
37.Bc4 a2 38.Bxe2 Rc2 39.Bf3 Kd6 40.Ra7 g5 41.c7 Rxc7 42.Rxa2 Rh7 43.Ra6+ Ke5
44.g4 Kd4 45.Re6 Rh8 46.Be4 h5 47.gxh5 Rxh5 48.Bf3 Rh4 49.Rg6 Ke5 50.Rxg5+ Kf6
51.Rg4 Rh8 52.Kg3 Kf5 53.h4 Rh6 54.Rg5+ Kf6 55.Kg4 Rh8 56.h5 Rb8 57.Rg6+ Kf7
58.Bd5+ Ke7 59.h6 Rb4+ 60.f4 Rb2 61.Rg5 Rb8 62.h7 Rh8 63.Bg8 Kf6 64.Kh5  1-0

[Event "11th Kheireddine Ameyar Mem 2012"]
[Site "Algiers ALG"]
[Date "2012.11.17"]
[Round "3.6"]
[White "Belouadah,S"]
[Black "Khelfallah,B"]
[Result "1-0"]
[WhiteElo "2301"]
[BlackElo "2120"]

1.Nf3 c5 2.c4 Nf6 3.Nc3 e6 4.g3 b6 5.Bg2 Bb7 6.O-O d6 7.d3 Be7 8.e4 Nbd7
9.Bf4 a6 10.Qe2 Ng4 11.d4 cxd4 12.Nxd4 Nge5 13.Rac1 Rc8 14.b3 O-O 15.Be3 Nc6
16.Nf3 Qc7 17.Nd5 Qd8 18.Nxe7+ Qxe7 19.Bg5 f6 20.Be3 Nc5 21.Bd2 a5 22.Bc3 Rfe8
23.Rcd1 Rcd8 24.Rfe1 Qf7 25.Qc2 Qg6 26.a3 Ne5 27.Nh4 Qf7 28.f4 Ng6 29.Nxg6 hxg6
30.b4 axb4 31.axb4 Na6 32.Qf2 Rc8 33.Bf1 d5 34.exd5 exd5 35.Rxe8+ Qxe8 36.Qxb6 Qf7
37.c5 Nb8 38.b5 Qe7 39.c6 Nxc6 40.bxc6 Rxc6 41.Qa5  1-0

[Event "8th Chervonograd IM"]
[Site "Chervonograd UKR"]
[Date "2012.11.17"]
[Round "7.1"]
[White "Bakunc,R"]
[Black "Sychevskyy,Andriy"]
[Result "1-0"]
[WhiteElo "2222"]
[BlackElo "2050"]

1.c4 Nf6 2.Nf3 c5 3.Nc3 e6 4.g3 b6 5.Bg2 Bb7 6.O-O Be7 7.d4 cxd4 8.Qxd4 d6
9.b3 O-O 10.Rd1 Na6 11.Ne1 Qd7 12.Bb2 Bxg2 13.Nxg2 Qb7 14.Ne3 Rfd8 15.Qf4 Rac8
16.Nb5 d5 17.Qf3 Nc5 18.cxd5 Nxd5 19.Nxd5 exd5 20.Qg4 Bf8 21.Nd4 a6 22.Rac1 b5
23.h4 Ne4 24.h5 b4 25.Nf5 Nc3 26.Rd3 g6 27.Bxc3 Rxc3 28.Rdxc3 bxc3 29.hxg6 hxg6
30.Nd4 Bg7 31.Rxc3 Qb4 32.Rd3 Qe1+ 33.Kg2 Re8 34.e3 Qb1 35.Qe2 Rc8 36.Rd1 Qe4+
37.Qf3 Qe5 38.a4 Rc3 39.Ne2 Rxb3 40.Rxd5 Qe8 41.Nf4 Ra3 42.a5 Bc3 43.Rd3 Qf8
44.Qc6 Bxa5 45.Nxg6 fxg6 46.Qxg6+ Kh8 47.Rd7  1-0

[Event "TCh-FIN SM 2012-13"]
[Site "Joensuu FIN"]
[Date "2012.11.17"]
[Round "6.3"]
[White "Rehn,R"]
[Black "Jouhki,Y"]
[Result "0-1"]
[WhiteElo "2173"]
[BlackElo "2276"]

1.Nf3 c5 2.c4 Nf6 3.Nc3 g6 4.d4 Bg7 5.g3 O-O 6.Bg2 d5 7.cxd5 Nxd5 8.Qb3 Nxc3
9.bxc3 Nc6 10.e3 cxd4 11.exd4 e5 12.dxe5 Qd3 13.Be3 Nxe5 14.Nxe5 Bxe5 15.Rc1 Bg4
16.Bf1 Qe4 17.Rg1 Rad8 18.h3 Bf3 19.Be2 Rd3 20.Qc2 Rxe3 21.fxe3 Qxe3 22.Qd3 Qxg1+
23.Kd2 Bxe2 24.Rxg1 Bxd3 25.Kxd3 Rd8+ 26.Kc4 Rc8+ 27.Kd5 Bxc3 28.Rb1 b6 29.g4 Bf6
30.a4 Kg7 31.Kd6 Rc3 32.Rb4 Rxh3 33.Kc6 Re3 34.Kb7 Re7+ 35.Ka6 h5  0-1

[Event "22nd World Seniors Open"]
[Site "Kamena Vourla GRE"]
[Date "2012.11.18"]
[Round "6.9"]
[White "Sorensen,B"]
[Black "Karasev,Vl"]
[Result "0-1"]
[WhiteElo "2294"]
[BlackElo "2376"]

1.Nf3 c5 2.c4 Nf6 3.Nc3 e6 4.g3 b6 5.Bg2 Bb7 6.O-O Be7 7.e3 O-O 8.Qe2 d5
9.b3 Nc6 10.d3 d4 11.exd4 Nxd4 12.Nxd4 Bxg2 13.Kxg2 cxd4 14.Ne4 Nd7 15.Bb2 Nc5
16.Rfe1 a5 17.Rab1 Qd7 18.Nd2 Rfd8 19.Nf3 Bf6 20.Bc1 e5 21.Nd2 Be7 22.Ne4 Re8
23.a3 Ne6 24.Kg1 h6 25.f3 Bf8 26.Nf2 b5 27.Ng4 Bd6 28.Bd2 f5 29.Nf2 Bxa3
30.cxb5 Bd6 31.b4 a4 32.Bc1 Qxb5 33.Qa2 Kh7 34.f4 Nc7 35.Qf7 exf4 36.Bxf4 Rf8
37.Qc4 Bxf4 38.gxf4 Qd7 39.b5 Rfb8 40.b6 Nd5 41.Qxd4 Nxb6 42.Qc5 Nd5 43.Qd4 Rxb1
44.Rxb1 a3 45.Nd1 Ra4 46.Rb7 Rxd4 47.Rxd7 Rxd3 48.Nf2 a2 49.Ra7 Rd2  0-1

[Event "WY BU16 2012"]
[Site "Maribor SLO"]
[Date "2012.11.18"]
[Round "11.14"]
[White "Svane,R"]
[Black "Cuellar,Di"]
[Result "1/2-1/2"]
[WhiteElo "2399"]
[BlackElo "2237"]

1.Nf3 Nf6 2.c4 c5 3.Nc3 b6 4.g3 Bb7 5.Bg2 e6 6.O-O Be7 7.d4 cxd4 8.Qxd4 Nc6
9.Qd3 Rc8 10.Bg5 Nb4 11.Qd2 Rxc4 12.Ne5 Bxg2 13.Nxc4 Bxf1 14.Bxf6 gxf6 15.Nd6+ Bxd6
16.Qxd6 Qe7  1/2-1/2

[Event "22nd World Seniors Women"]
[Site "Kamena Vourla GRE"]
[Date "2012.11.19"]
[Round "7.9"]
[White "Korneeva,T"]
[Black "Tsygankova,Enni"]
[Result "0-1"]
[WhiteElo "1808"]
[BlackElo "1843"]

1.c4 c5 2.Nf3 Nf6 3.Nc3 g6 4.g3 Nc6 5.a3 Bg7 6.Bg2 d6 7.O-O Bd7 8.e3 Qc8
9.d3 Bh3 10.Rb1 Bxg2 11.Kxg2 O-O 12.Qe1 Nd7 13.b4 Nce5 14.Qe2 Nxf3 15.Nd1 Nfe5
16.b5 Nf6 17.e4 b6 18.f4 Ned7 19.f5 Ne5 20.fxg6 fxg6 21.Ne3 Neg4 22.Nc2 Ne5
23.h3 e6 24.Bf4 Nh5 25.Be3 Rxf1 26.Rxf1 Qd7 27.g4 Nf6 28.d4 cxd4 29.Bxd4 Qb7
30.Re1 Ned7 31.Kh2 Nc5 32.e5 dxe5 33.Bxe5 Rf8 34.Bd6 Re8 35.Ne3 Nfe4 36.Ng2 Nxd6
37.Nf4 Rf8 38.Nxe6 Re8 39.Qd1 Nde4 40.Nxg7 Qxg7 41.Qd5+ Qf7 42.Rf1 Qxd5 43.cxd5 Rf8
44.Rc1 Rf2+ 45.Kg1 Rd2  0-1

[Event "Plzen Open 2012"]
[Site "Plzen CZE"]
[Date "2012.11.19"]
[Round "2"]
[White "Ivanov,MM"]
[Black "Tsenov,Tsvetoslav"]
[Result "1/2-1/2"]
[WhiteElo "2381"]
[BlackElo "2118"]

1.Nf3 c5 2.c4 Nf6 3.Nc3 d5 4.cxd5 Nxd5 5.d4 e6 6.g3 Nc6 7.Bg2 Nxc3 8.bxc3 cxd4
9.cxd4 Bb4+ 10.Bd2 Bxd2+ 11.Qxd2 Qa5 12.Qxa5 Nxa5 13.Ne5 f6 14.Nd3 Ke7 15.Rb1 Rb8
16.O-O Rd8 17.Rfc1 b6 18.d5 exd5 19.Nf4 Bb7 20.Bh3 Nc6 21.Rb3 d4 22.Ne6 Rg8
23.Rd3 f5 24.Bxf5 Kf6 25.Bh3 Rbe8 26.Nxd4 Nb4 27.Re3  1/2-1/2

[Event "Malta Open 2012"]
[Site "Bugibba MLT"]
[Date "2012.11.20"]
[Round "3"]
[White "Duncan,C"]
[Black "Poetsch,H"]
[Result "1/2-1/2"]
[WhiteElo "2294"]
[BlackElo "2466"]

1.Nf3 Nf6 2.c4 e6 3.Nc3 c5 4.d4 cxd4 5.Nxd4 a6 6.g3 Qc7 7.Bg2 Qxc4 8.Bg5 Nc6
9.Nb3 Be7 10.Rc1 Qg4 11.h4 d5 12.O-O h6 13.Bxf6 Bxf6 14.e4 Qxd1 15.Rfxd1 d4
16.e5 Nxe5 17.Rxd4 Bd7 18.Bxb7 Rb8 19.Bg2 Rxb3 20.axb3 Nf3+ 21.Bxf3 Bxd4
22.Rd1 e5 23.Ra1 Bc8 24.Bd5 Ke7 25.Bc4 Bb7 26.Nd5+ Kd6 27.Ne3 Bxb2 28.Ra2 Bd4
29.Nf5+ Kc5 30.Nxg7 Kb6 31.Nf5  1/2-1/2

[Event "9th Vasylyshyn Mem IM"]
[Site "Lviv UKR"]
[Date "2012.11.20"]
[Round "1"]
[White "Nester,I"]
[Black "Szwed,J"]
[Result "0-1"]
[WhiteElo "2328"]
[BlackElo "2251"]

1.Nf3 c5 2.c4 Nf6 3.Nc3 b6 4.g3 Bb7 5.Bg2 g6 6.O-O Bg7 7.d4 cxd4 8.Qxd4 d6
9.Be3 Nbd7 10.Rac1 Rc8 11.b3 O-O 12.Qh4 a6 13.Rfd1 Rc7 14.Bh6 Qa8 15.Re1 b5
16.Bxg7 Kxg7 17.Nd5 Bxd5 18.cxd5 Rxc1 19.Rxc1 Qxd5 20.Nd4 Qe5 21.e3 Nc5 22.Rc3 b4
23.f4 Qxd4 24.exd4 bxc3  0-1

[Event "VIII Governor's Cup"]
[Site "Khanty-Mansiysk RUS"]
[Date "2012.11.22"]
[Round "8.8"]
[White "Shomoev,A"]
[Black "Akselrod,V"]
[Result "1-0"]
[WhiteElo "2568"]
[BlackElo "2402"]

1.c4 Nf6 2.Nc3 c5 3.Nf3 e6 4.d4 cxd4 5.Nxd4 a6 6.e4 d6 7.Be2 Be7 8.O-O O-O
9.Be3 Qc7 10.Qd2 b6 11.Rfc1 Bb7 12.f3 Nbd7 13.b4 Rfc8 14.Rab1 Qd8 15.Na4 Qf8
16.a3 Rab8 17.Nb3 h6 18.Bf1 Qd8 19.Kh1 h5 20.Bf4 e5 21.Be3 h4 22.Nc3 Nf8
23.Qf2 Ba8 24.Nd5 N6d7 25.Rd1 Ng6 26.Nxe7+ Qxe7 27.Qd2 Nf6 28.Qxd6 Qe8 29.Bxb6 h3
30.Nc5 Nh4 31.Bc7 Rxc7 32.Qxc7 Rc8 33.Qd6 Kh7 34.Nd7 Nxe4 35.fxe4 Bxe4 36.Bd3 hxg2+
37.Kg1 f5 38.Bxe4 fxe4 39.Rb3 Nf3+ 40.Rxf3 exf3 41.Nxe5 f2+ 42.Kxg2 Qh5 43.Qd3+ Kg8
44.Qd5+ Kh7 45.Qe4+ Kg8 46.Nf3 Rf8 47.Qd5+ Qxd5 48.cxd5  1-0

[Event "9th Vasylyshyn Mem GM"]
[Site "Lviv UKR"]
[Date "2012.11.22"]
[Round "3"]
[White "Vovk,Y"]
[Black "Zakhartsov,Vi"]
[Result "1/2-1/2"]
[WhiteElo "2592"]
[BlackElo "2531"]

1.Nf3 Nf6 2.c4 c5 3.Nc3 e6 4.g3 b6 5.e4 Bb7 6.Qe2 Nc6 7.Bg2 d6 8.O-O Be7
9.b3 Nd7 10.Bb2 O-O 11.Nb5 a6 12.Na3 Bf6 13.d3 Bxb2 14.Qxb2 Qf6 15.Rab1 d5
16.exd5 exd5 17.Nc2 Qxb2 18.Rxb2 Nf6 19.b4 dxc4 20.dxc4 cxb4 21.Nxb4 Na5
22.Ne5 Bxg2 23.Kxg2 Rfc8 24.Rc1 Ra7 25.Rcc2 h5 26.h3 Re7 27.f4 Ra7 28.Nd5 b5
29.Nb6 Rc5 30.cxb5 Rxc2+ 31.Rxc2 axb5 32.Nc8 Ra6 33.Ne7+ Kf8 34.Nf5 Nc4 35.Nxc4 bxc4
36.Ne3 c3 37.Kf3 g6 38.g4 hxg4+ 39.hxg4 Ra4 40.g5 Nh5 41.Nd5 Rd4 42.Nxc3 Rc4
43.Rc1 Nxf4 44.Ne2 Rxc1 45.Nxc1 Ne6 46.Kg4 f6 47.gxf6 Kf7 48.a4 Kxf6  1/2-1/2

[Event "22nd World Seniors Open"]
[Site "Kamena Vourla GRE"]
[Date "2012.11.23"]
[Round "10.24"]
[White "Zakharchenko,A"]
[Black "Benson,L"]
[Result "1-0"]
[WhiteElo "2194"]
[BlackElo "2021"]

1.c4 Nf6 2.Nc3 c5 3.Nf3 d5 4.cxd5 Nxd5 5.e4 Nxc3 6.bxc3 g6 7.d4 cxd4 8.cxd4 Bg7
9.Bb5+ Bd7 10.Bxd7+ Qxd7 11.O-O Nc6 12.Be3 O-O 13.d5 Ne5 14.Nxe5 Bxe5 15.Rb1 b6
16.Qb3 Rac8 17.Rbc1 Rxc1 18.Rxc1 Rc8 19.Rxc8+ Qxc8 20.f4 Bg7 21.Kf2 h5 22.h3 Qc3
23.Qxc3 Bxc3 24.Ke2 Kf8 25.Kd3 Ba5 26.f5 Ke8 27.fxg6 fxg6 28.e5 Kf7 29.e6+ Kf6
30.Bd4+ Kf5 31.g4+ hxg4  1-0

[Event "3rd Thanksgiving Open"]
[Site "Saint Louis USA"]
[Date "2012.11.24"]
[Round "3.1"]
[White "Diamant,A"]
[Black "Meier,Geo"]
[Result "1/2-1/2"]
[WhiteElo "2481"]
[BlackElo "2642"]

1.c4 Nf6 2.Nc3 c5 3.Nf3 e6 4.e3 Nc6 5.d4 d5 6.a3 cxd4 7.exd4 Be7 8.Bd3 dxc4
9.Bxc4 a6 10.O-O b5 11.Ba2 b4 12.d5 bxc3 13.dxc6 Qb6 14.bxc3 Qxc6 15.Ne5 Qc5
16.Qf3 Rb8 17.Be3 Qc7 18.Qc6+ Qxc6 19.Nxc6 Rb2 20.Nxe7 Kxe7 21.Rfb1 Rxb1+
22.Rxb1 Rd8 23.Bc5+ Ke8 24.Bd4 Bd7 25.Bc4 a5 26.f3 a4 27.Bb5 Rb8 28.Bxd7+ Nxd7
29.Rxb8+ Nxb8 30.Bxg7 Nc6 31.Kf2 Na5 32.Ke3 Nc4+ 33.Kd3 Nxa3 34.c4 Nb1 35.Kc2 Na3+
36.Kd3 Nb1 37.Kc2 Na3+ 38.Kd3  1/2-1/2

[Event "3rd Thanksgiving Open"]
[Site "Saint Louis USA"]
[Date "2012.11.24"]
[Round "4.1"]
[White "Bykhovsky,An ISR"]
[Black "Boros,De"]
[Result "1/2-1/2"]
[WhiteElo "2513"]
[BlackElo "2494"]

1.Nf3 c5 2.c4 Nf6 3.Nc3 b6 4.g3 Bb7 5.Bg2 g6 6.O-O Nc6 7.e3 Bg7 8.d4 cxd4
9.exd4 Na5 10.b3 d5 11.Re1 O-O 12.Ba3 Re8 13.Ne5 Rc8 14.Rc1 dxc4 15.Bxb7 Nxb7
16.bxc4 Na5 17.Qe2 Bh6 18.Rcd1 Nxc4 19.Nxc4 Qc7 20.Bxe7 Bf8 21.Ne5 Rxe7 22.Rd3 Rce8
23.Qf3 Qd6  1/2-1/2

[Event "22nd TCh-SLO 2012"]
[Site "Slovenia SLO"]
[Date "2012.11.24"]
[Round "2"]
[White "Zorko,Ju"]
[Black "Markus,Rob"]
[Result "1/2-1/2"]
[WhiteElo "2476"]
[BlackElo "2619"]

1.c4 Nf6 2.Nc3 c5 3.Nf3 e6 4.g3 b6 5.Bg2 Bb7 6.O-O Be7 7.d4 cxd4 8.Qxd4 d6
9.Bg5 a6 10.Bxf6 Bxf6 11.Qf4 O-O 12.Rfd1 Be7 13.Ne4 Bxe4 14.Qxe4 Ra7 15.Nd4 Qc8
16.b3 Re8 17.a4 Qc5 18.Ra2 Bf8 19.Qb1 a5 20.Rad2 g6 21.Qe4 Rd7 22.Nb5 Red8
23.Qd4 Bg7 24.Qxc5 dxc5 25.Rxd7 Rxd7 26.Rxd7 Nxd7 27.Kf1 Kf8 28.e3 Ke7 29.Ke2 f5
30.f4 Bb2 31.Kd2 Bf6  1/2-1/2

[Event "ch-Commonwealth 2012"]
[Site "Chennai IND"]
[Date "2012.11.25"]
[Round "4"]
[White "Prasannaa,S"]
[Black "Vijayalakshmi,S"]
[Result "1-0"]
[WhiteElo "2082"]
[BlackElo "2400"]

1.c4 Nf6 2.Nc3 c5 3.Nf3 e6 4.d4 cxd4 5.Nxd4 a6 6.e4 Qc7 7.a3 b6 8.Be3 Bb7
9.f3 Nc6 10.Nb3 d6 11.Rc1 Ne5 12.Nd2 Be7 13.Be2 O-O 14.O-O Rac8 15.Qe1 Rfe8
16.Qf2 Ned7 17.b4 Bd8 18.g4 Nf8 19.Nb3 N6d7 20.Na4 Ng6 21.Nd4 Qb8 22.g5 d5
23.cxd5 Rxc1 24.Bxc1 exd5 25.f4 dxe4 26.b5 axb5 27.Bxb5 Ngf8 28.Nf5 e3 29.Qb2 f6
30.Qa2+  1-0

[Event "Vietnam National Masters Women 2012"]
[Site "Ho Chi Minh City VIE"]
[Date "2012.11.30"]
[Round "2.2"]
[White "Nguyen Thi Thanh An"]
[Black "Bui Kim Le"]
[Result "0-1"]
[WhiteElo "2318"]
[BlackElo "2098"]

1.Nf3 Nf6 2.c4 c5 3.Nc3 b6 4.g3 Bb7 5.Bg2 e6 6.O-O Be7 7.d4 cxd4 8.Qxd4 O-O
9.Bg5 Nc6 10.Qd2 d6 11.Rfd1 Qd7 12.Bxf6 gxf6 13.Ne4 Na5 14.Qf4 Bxe4 15.Qxe4 Rac8
16.b3 Nc6 17.Qg4+ Kh8 18.Qh5 Qc7 19.Rd2 Ne5 20.Nd4 Qc5 21.Be4 f5 22.Bxf5 exf5
23.Nxf5 Ng6 24.Rd5 Qc7 25.Rad1 Rcd8 26.h4 Rg8 27.Nh6 Rg7 28.Nf5 Rgg8 29.Nh6 Rg7
30.R1d4 Bf6 31.Re4 Be5 32.Kh2 a6 33.a4 b5 34.axb5 axb5 35.f4 Qa7 36.Qf3 Bxf4
37.Rxf4 Nxf4 38.Qxf4 Re8 39.e4 bxc4 40.bxc4 Qa2+ 41.Qd2 Qxc4 42.Rxd6 Qxe4
43.Rd8 f6 44.Nf5 Rgg8 45.Rxe8 Rxe8 46.Nd6 Qe2+ 47.Qxe2 Rxe2+ 48.Kh3 Kg7 49.Kg4 Re5
50.Nf5+ Kf7 51.Kf4 Ra5 52.g4 Ra4+ 53.Kf3 Ke6 54.h5 Ke5 55.Kg3 Ra3+ 56.Kh4 Kf4
57.h6 Ra1 58.Ng3 Ra2 59.Nh5+ Ke5 60.Kg3 Ra3+ 61.Kh4 Ra1 62.Kg3 Rh1 63.Kg2 Rxh5
64.gxh5 Kf4 65.Kf2 Kg5 66.Kg3 Kxh5  0-1

[Event "TCh-HUN 2012-13"]
[Site "Budapest HUN"]
[Date "2012.12.02"]
[Round "5"]
[White "Balog,I1"]
[Black "Marinkovic,I"]
[Result "0-1"]
[WhiteElo "2554"]
[BlackElo "2443"]

1.c4 c5 2.Nf3 Nf6 3.Nc3 b6 4.e4 d6 5.d4 cxd4 6.Nxd4 Bb7 7.f3 e6 8.Be3 Be7
9.Qa4+ Nfd7 10.Rd1 a6 11.Be2 Qc7 12.O-O Nc6 13.Nxc6 Bxc6 14.Qc2 Bb7 15.Qd2 O-O
16.Rc1 Rac8 17.Rfd1 Rfd8 18.Bf1 Qb8 19.Qf2 Bc6 20.b4 Re8 21.Qg3 Bf8 22.Bf4 Ne5
23.Be3 b5 24.cxb5 Bxb5 25.f4 Nc4 26.Bd4 Nb2 27.Rd2 Na4 28.Bxb5 axb5 29.Ne2 Rxc1+
30.Nxc1 Qc7 31.Ne2 Qc4 32.a3 e5 33.fxe5 dxe5 34.Bxe5 Qxe4 35.Bd4 g6 36.Qf3 Bh6
37.Qxe4 Rxe4 38.Rc2 Rxd4 39.Nxd4 Be3+ 40.Kf1 Bxd4 41.Rc8+ Kg7 42.Rb8 Nc3
43.Rb7 Kf6 44.Ke1 h5 45.Kd2 Ke6 46.Kd3 Be5 47.h3 h4 48.Ke3 f6 49.Kd3 g5 50.Ke3 Kd5
51.Kd3 Kc6 52.Ra7 Nd5 53.Ke4 Kb6 54.Rd7 Nc3+ 55.Kf5 Kc6 56.Rd3 Nd5 57.Ke4 Nb6
58.Rd2 Nc4 59.Rc2 Kb6 60.Ra2 Bb2 61.a4 bxa4 62.Rxa4 Kb5 63.Ra7 Kxb4 64.Rb7+ Kc5
65.Rc7+ Kb5 66.Kd5 Ne3+ 67.Ke4 Be5 68.Rc8 Nxg2 69.Kf5 Nf4 70.Kg4 Ne6 71.Kf5 Nd4+
72.Ke4 Nc6 73.Ra8 Kc5 74.Ra2 Kd6 75.Ra6 Kd7 76.Rb6 Ne7 77.Ra6 Bd6 78.Kf3 f5
79.Ra5 Ke6 80.Ra8 Kf7 81.Rd8 Bg3 82.Rd7 Ke6 83.Ra7 Ng6 84.Ra6+ Bd6 85.Kg2 g4
86.hxg4 fxg4 87.Ra5 Be5 88.Ra4 Kf5 89.Kf2 h3 90.Ra5 g3+  0-1

[Event "Russia Cup Final 2012"]
[Site "Khanty-Mansiisk RUS"]
[Date "2012.12.04"]
[Round "1.1"]
[White "Khairullin,I"]
[Black "Gabrielian,A"]
[Result "1-0"]
[WhiteElo "2632"]
[BlackElo "2589"]

1.Nf3 Nf6 2.c4 c5 3.Nc3 e6 4.g3 d5 5.cxd5 exd5 6.d4 Nc6 7.Bg2 Be7 8.O-O O-O
9.dxc5 Bxc5 10.a3 Re8 11.b4 Bb6 12.Bb2 Bg4 13.Na4 Bc7 14.Nc5 b6 15.Nd3 Bxf3
16.exf3 Ne5 17.f4 Ned7 18.Qb3 Nf8 19.Ne5 Ng6 20.Nc6 Qd7 21.Rac1 Ne4 22.Rfd1 Bxf4
23.Rxd5 Qc7 24.gxf4 Nxf4 25.Bxe4 Rxe4 26.Rg5 Ne2+ 27.Kf1 Nxc1 28.Qc3 f6 29.Qxf6 Re1+
30.Kxe1 Nd3+ 31.Kf1  1-0

[Event "5th Kolkata Open"]
[Site "Kolkata IND"]
[Date "2012.12.04"]
[Round "2"]
[White "Iordachescu,V"]
[Black "Udeshi,A"]
[Result "1/2-1/2"]
[WhiteElo "2619"]
[BlackElo "2376"]

1.c4 Nf6 2.Nc3 e6 3.Nf3 c5 4.e3 d5 5.d4 a6 6.cxd5 exd5 7.g3 Nc6 8.Bg2 Be7
9.O-O O-O 10.dxc5 Bxc5 11.Ne2 Bf5 12.b3 Be4 13.Bb2 Qe7 14.a3 Rad8 15.b4 Ba7
16.Rc1 Rfe8 17.Ned4 Bxd4 18.Bxd4 Nxd4 19.Qxd4 Rc8 20.Rc3 b5 21.Rcc1 Rc4 22.Qb2 Rec8
23.Nd2 Bxg2 24.Kxg2 R4c6 25.Rxc6 Rxc6 26.Rc1 Qc7 27.Rxc6 Qxc6 28.f3 h6 29.Kf2 Ne8
30.Nb3 Nd6 31.Nd4 Qd7 32.Qc2 Nc4 33.Qd3  1/2-1/2

[Event "4th London Classic Open"]
[Site "London ENG"]
[Date "2012.12.04"]
[Round "4"]
[White "Cherniaev,A1"]
[Black "Stone,A ENG"]
[Result "1/2-1/2"]
[WhiteElo "2460"]
[BlackElo "2203"]

1.Nf3 Nf6 2.c4 c5 3.Nc3 e6 4.e3 d5 5.d4 a6 6.a3 dxc4 7.Bxc4 b5 8.Bd3 Bb7
9.O-O Nbd7 10.Qe2 Be7 11.Bd2 O-O 12.Rad1 Qb6 13.Bc1 Rfd8 14.Bb1 b4 15.axb4 cxb4
16.Na2 Ne4 17.Bd2 a5 18.Bd3 a4 19.Ra1 a3  1/2-1/2

[Event "4th Penang Heritage City Open"]
[Site "Penang MAS"]
[Date "2012.12.12"]
[Round "3.40"]
[White "Looi,X"]
[Black "Lee,Jun Wei"]
[Result "1-0"]
[WhiteElo "2030"]
[BlackElo "1661"]

1.Nf3 c5 2.c4 Nf6 3.Nc3 e6 4.g3 d5 5.cxd5 exd5 6.d3 h6 7.Bg2 Be7 8.Ne5 Be6
9.Qa4+ Nbd7 10.O-O O-O 11.Nxd7 Bxd7 12.Qb3 Bc6 13.e4 dxe4 14.dxe4 Qd7 15.Rd1 Qg4
16.h3 Qh5 17.Bf4 Rfd8 18.e5 Bxg2 19.Kxg2 Nh7 20.Qxb7 Ng5 21.Bxg5 Qxg5 22.f4 Qg6
23.Qxe7 Qc2+ 24.Kf3 Rd3+ 25.Rxd3 Qxd3+ 26.Kg4  1-0

[Event "XI Mario Covas Jr"]
[Site "Santos BRA"]
[Date "2012.12.14"]
[Round "6.1"]
[White "Barreto Filho,C"]
[Black "El Debs,F"]
[Result "0-1"]
[WhiteElo "2258"]
[BlackElo "2513"]

1.c4 c5 2.Nf3 Nf6 3.Nc3 g6 4.d4 cxd4 5.Nxd4 Bg7 6.e4 O-O 7.Be2 Nc6 8.Be3 d6
9.O-O Nxd4 10.Bxd4 Bd7 11.Qd2 Bc6 12.f3 Nd7 13.Be3 a5 14.b3 Nc5 15.Rab1 e6
16.Rfd1 Be5 17.Bf1 Qh4 18.h3 Qg3 19.f4 Bxc3 20.Qxc3 Nxe4 21.Qc1 e5 22.Rb2 Rfe8
23.Bd3 Nc3 24.Rf1 exf4 25.Bd4 Ne2+  0-1

[Event "TCh-NED Meesterklasse 2012-13"]
[Site "Netherland NED"]
[Date "2012.12.15"]
[Round "5.7"]
[White "Wantola,I"]
[Black "Van der Poel,H"]
[Result "1-0"]
[WhiteElo "2330"]
[BlackElo "2309"]

1.Nf3 Nf6 2.c4 e6 3.Nc3 c5 4.g3 b6 5.Bg2 Bb7 6.O-O Be7 7.Re1 d6 8.e4 e5 9.Nh4 g6
10.Bh3 Nc6 11.d3 h5 12.f4 Kf8 13.Rf1 Kg7 14.Nf3 Bc8 15.Bxc8 Rxc8 16.Nd5 exf4
17.gxf4 Nxd5 18.cxd5 Nb8 19.b3 Re8 20.Bb2+ Kg8 21.Qd2 Bf6 22.Rf2 Nd7 23.Rg2 Bxb2
24.Qxb2 Qf6 25.Qxf6 Nxf6 26.f5 Kh7 27.Ng5+ Kg7 28.fxg6 fxg6 29.Rf1 Ng4 30.Rf7+ Kg8
31.h3 Ne3 32.Rg3 Re5 33.Rf6  1-0

[Event "15th Padova Open 2012"]
[Site "Padova ITA"]
[Date "2012.12.18"]
[Round "4.2"]
[White "Valsecchi,A"]
[Black "Solodovnichenko,Y"]
[Result "0-1"]
[WhiteElo "2422"]
[BlackElo "2557"]

1.Nf3 c5 2.c4 Nf6 3.Nc3 e6 4.g3 b6 5.Bg2 Bb7 6.O-O Be7 7.d4 cxd4 8.Qxd4 O-O
9.Rd1 d6 10.Bg5 Nc6 11.Qd2 Qb8 12.Rac1 Rd8 13.b3 h6 14.Bf4 Ne5 15.h3 Ng6
16.Be3 Qc7 17.Qc2 Rac8 18.Qb1 Qb8 19.Nd4 Bxg2 20.Kxg2 Qb7+ 21.Kg1 Nf8 22.Nf3 a6
23.a4 N8d7 24.Nd4 Bf8 25.f3 Re8 26.Bf2 g6 27.e4 h5 28.Re1 Bg7 29.Qa2 Ne5
30.Rcd1 Nfd7 31.Re3 Nc5 32.Nde2 Qb8 33.Qb1 Bf8 34.Nd4 Qb7 35.f4 Nc6 36.Nf3 Nb4
37.Rde1 Bg7 38.Na2 Nxa2 39.Qxa2 e5 40.b4 exf4 41.gxf4 Nxe4 42.Ng5 Nf6 43.Rxe8+ Nxe8
44.Qb3 Nf6 45.Qd3 Qc7 46.Rd1 d5 47.cxd5 Qxf4 48.Nxf7 Ne4 49.Bxb6 Rc3 50.Rf1 Qh4
51.Bd8 g5 52.Bxg5 Bd4+ 53.Kh2 Rc2+ 54.Qxc2 Qg3+ 55.Kh1 Qxh3+ 56.Qh2 Qxf1+  0-1

[Event "Groningen Open A"]
[Site "Groningen NED"]
[Date "2012.12.21"]
[Round "1.27"]
[White "Theulings,PP"]
[Black "Wallace,JP"]
[Result "0-1"]
[WhiteElo "2105"]
[BlackElo "2398"]

1.Nf3 Nf6 2.c4 c5 3.Nc3 b6 4.g3 Bb7 5.Bg2 g6 6.O-O Bg7 7.d4 cxd4 8.Qxd4 d6
9.Rd1 Nbd7 10.Be3 Rc8 11.Rac1 Rc5 12.b3 Qa8 13.Qd2 Rf5 14.Nb5 O-O 15.b4 Ne5
16.Nbd4 Nxf3+ 17.exf3 Rh5 18.g4 Re5 19.h3 h5 20.g5 Nh7 21.Bf1 Bxf3 22.Nxf3 Qxf3
23.Bg2 Qf5 24.f4 Re6 25.Kh2 f6 26.Bd5 fxg5 27.fxg5 Kh8 28.Bxe6 Qxe6 29.Rf1 Rxf1
30.Rxf1 Qxc4 31.Rc1 Be5+ 32.Kg2 Qe4+ 33.Kg1 Qf3 34.Rc8+ Kg7 35.Qf2 Qxh3 36.Rc7 Bh2+
37.Qxh2 Qxe3+ 38.Kf1 Nxg5 39.Qxd6 Ne4 40.Qxe7+ Kh6 41.Qf8+ Kg5 42.Rf7 Kh4
43.Kg2 g5 44.Rf1 Qd2+ 45.Kg1 Qe3+ 46.Kg2 Qe2+ 47.Kg1 Kg3 48.Qb8+ Kh3  0-1

[Event "15th Padova Open 2012"]
[Site "Padova ITA"]
[Date "2012.12.22"]
[Round "8.7"]
[White "Valsecchi,A"]
[Black "Kasparov,S"]
[Result "0-1"]
[WhiteElo "2422"]
[BlackElo "2475"]

1.Nf3 Nf6 2.c4 c5 3.Nc3 b6 4.g3 Bb7 5.Bg2 e6 6.O-O d6 7.d4 cxd4 8.Qxd4 a6
9.Rd1 Be7 10.Bg5 Nbd7 11.Qd2 Rc8 12.b3 Nc5 13.Bxf6 Bxf6 14.Rac1 Be7 15.Qe3 O-O
16.h4 Re8 17.b4 Nd7 18.Ne4 d5 19.Neg5 h6 20.Nxe6 fxe6 21.Qxe6+ Kh8 22.Bh3 Nf8
23.Qf7 Rc7 24.Ne5 Bxb4 25.Ng6+ Nxg6 26.Qxg6 Rc6 27.Qh5 Rf6 28.cxd5 Bc5 29.e3 Ref8
30.Rc2 Qd6 31.Bg2  0-1

[Event "CXU Obro New Year 2012"]
[Site "Copenhagen DEN"]
[Date "2012.12.27"]
[Round "2.9"]
[White "Christensen,Christi"]
[Black "Stojanovski,Sa"]
[Result "0-1"]
[WhiteElo "2042"]
[BlackElo "2226"]

1.Nf3 Nf6 2.c4 c5 3.Nc3 e6 4.d4 cxd4 5.Nxd4 Bb4 6.Nb5 Ne4 7.Qc2 d5 8.a3 Nxc3
9.Nxc3 Bxc3+ 10.Qxc3 O-O 11.e3 Nc6 12.Be2 d4 13.exd4 Nxd4 14.Bd1 e5 15.O-O Be6
16.f4 Rc8 17.b3 b5 18.fxe5 bxc4 19.bxc4 Bxc4 20.Rf4 Ne6 21.Rxc4 Qxd1+ 22.Kf2 Rxc4
23.Qxc4 Qh5 24.Kg1 Qxe5 25.Ra2 Rd8 26.Rd2 Qe3+ 27.Kf1 Rxd2 28.Qc8+ Nf8  0-1

[Event "5th Marseille Open"]
[Site "Marseille FRA"]
[Date "2012.12.28"]
[Round "5.5"]
[White "Arnaudov,G"]
[Black "Milliet,S"]
[Result "1/2-1/2"]
[WhiteElo "2483"]
[BlackElo "2405"]

1.Nf3 Nf6 2.c4 c5 3.Nc3 e6 4.g3 b6 5.Bg2 Bb7 6.O-O Be7 7.d4 cxd4 8.Qxd4 d6
9.Bg5 O-O 10.Rfd1 Nc6 11.Qf4 Qb8 12.Nb5 Ne5 13.Bxf6 Bxf6 14.Nxd6 Nxf3+ 15.Bxf3 Bxf3
16.Qxf3 Bxb2 17.Rab1 Be5 18.c5 Qc7 19.Qe4 Qxc5 20.Rbc1 Bxd6 21.Rxc5 Bxc5
22.Rd7 a5 23.a4 Rad8 24.Rc7  1/2-1/2